Name EVERY Harry Potter character that starts with A - Statistics

General Stats
  • This quiz has been taken 27 times
  • The average score is 23 of 100
Answer Stats
Last Name Hardness First Name % Correct
Dumbledore Easy Albus
100%
Potter Easy Albus
100%
Dumbledore Easy Aberforth
82%
Benson Hard Amy
71%
Gumboil Hard Alastor
65%
Moody Easy Alastor
65%
Boot Hard Albert
65%
Jorkins Hard Albert
65%
Runcorn Easy Albert
65%
Tillyman Hard Albert
65%
Bashir Hard Ali
65%
Dumbledore Easy Ariana
65%
Longbottom Easy Alice
59%
Carrow Easy Amycus
59%
Tonks Easy Andromeda
59%
Carrow Easy Alecto
53%
Spinnet Easy Alicia
47%
Diggory Easy Amos
47%
Filch Easy Argus
47%
Pyrites Hard Argus
47%
Pucey Medium Adrian
41%
Tutley Hard Adrian
41%
Kiely Hard Aidan
41%
Lynch Easy Aidan
41%
Johnson Easy Angelina
41%
Goldstein Easy Anthony
41%
Malfoy Hard Armand
41%
Weasley Easy Arthur
41%
Malfoy Medium Abraxas
35%
Bones Easy Amelia
35%
Kirke Medium Andrew
35%
Figg Easy Arabella
35%
Longbottom Medium Augusta
35%
Pye Hard Augustus
35%
Rookwood Medium Augustus
35%
Worme Hard Augustus
35%
Dolohov Easy Antonin
29%
Cattermore Medium Alfred
24%
Peverell Medium Antioch
24%
Dippet Medium Armando
24%
Delacour Hard Apolline
18%
Pringle Medium Apollyon
18%
None Hard Archie
18%
Amyslowe Hard Archie
18%
Black Medium Arcturus
18%
Greengrass Medium Astoria
18%
Type Last Name Medium Avery
18%
Longbottom Medium Algie
12%
Black Medium Alphard
12%
Buchanan Hard Angus
12%
Campbell Hard Angus
12%
Fleet Hard Angus
12%
McMangus Hard Angus
12%
None Hard Antonio
12%
None Easy Aragog
12%
None Medium Arnold
12%
Guzman Hard Arnold
12%
Sinistra Medium Aurora
12%
Treetops Hard Abel
6%
None Hard Abernathy
6%
Peasegood Hard Abraham
6%
Potter Hard Abraham
6%
Flume Hard Ambrosius
6%
Alderton Hard Archibald
6%
Alderton Hard Arkie
6%
Philpott Hard Arkie
6%
Jigger Hard Arsenius
6%
Tolliver Hard Achilles
0%
Waffling Hard Adalbert
0%
Chubb Hard Agatha
0%
Fontaine Hard Agilbert
0%
None Hard Agnes
0%
Maddock Hard Alasdair
0%
Grunnion Hard Alberic
0%
Toothill Hard Alberta
0%
Name Last Name Medium Alderton
0%
Alonso Hard Alejandra
0%
The Awful Hard Alguff
0%
Okoye Hard Aliko
0%
Sawbridge Hard Almerick
0%
None Hard Althelda
0%
Lestoat Hard Amarillo
0%
None Hard Amata
0%
Snicklepitch Hard Andreyius
0%
The Invincible Hard Andros
0%
Peel Hard Angelus
0%
Black Hard Annis
0%
Melifula Hard Araminta
0%
Evermonde Hard Archer
0%
None Hard Arcus
0%
Twelvetrees Hard Aristotle
0%
Peasegood Hard Arnie
0%
Moe Hard Arnulf
0%
Gonzales Hard Arsenia
0%
Lufkin Hard Artemisia
0%
Lawson Hard Artemius
0%
Cephalopos Hard Arturo
0%
None Hard Asha
0%
Weasley Medium Audrey
0%
Dumbledore Hard Aurelius
0%
No matching quizzes found
Score Distribution
Percent of People with Each Score
Percentile by Number Answered
Your Score History
You have not taken this quiz